000 00550nam a22001817a 4500
005 20251108171936.0
008 250721s9999 xx 000 0 ara d
082 1 4 _a133.5/ماغ
100 1 _aفرح، ماغي
245 1 0 _aبرج الدلو :
_bمواليد 20 كانون الثاني - 18 شباط /
264 1 _aبيروت :
_bدار الكتاب اللبناني،
300 _a119ص
490 0 _aموسوعة الأبراج
650 1 7 _aالتنجيم
650 1 7 _aالعلوم الخفية
942 _2ddc
_cBK
999 _c66468
_d66468